Orígenes de apellidos (parte 4) - Estadísticas

Estadísticas generales
  • Esta prueba ha sido intentada 118 veces
  • La puntuación promedio es 5 de 13
Estadísticas de respuestas
Hint Respuesta % Correcto
Kolisnychenko Ucraniano
77%
Šarić Serbocroata
64%
Ñamandu Guaraní
55%
Ndungane Xhosa
52%
Jedlička Checo
47%
Ramalingam Tamil
36%
Beqiri Albanés
35%
Amnuaydechkorn Tailandés
33%
Cadwaladr Galés
32%
Lőrincz Húngaro
32%
Majumdar Bengalí
31%
Krūmiņa Letonio
20%
Jõgisalu Estonio
13%
No se encontraron pruebas coincidentes
Distribución de puntuación
Porcentaje de gente con cada puntuación
Porcentaje por número respondido
Historial de tus puntuaciones
No has intentado esta prueba.